000 01605nam2a22002651 4500
001 rc\4282325
005 20250611145903.0
021 _aRU
_b[65-87316]
035 _a(NLR Aleph) 008246804
090 _a8310802
_c8310802
100 _a20130416d1965 |||y0rusy50 ca
101 0 _arus
102 _aRU
105 _aa z |||a|
200 1 _a[Пьесы
_eМамаша Кураж и ее дети. Допрос Лукулла. Добрый человек из Сычуани. Господин Пунтила и его слуга Матти. Карьера Артуро Ун, которой могло не быть
_fКоммент. Е. Эткинда]
210 _d1965
_aБ. м.
215 _a472 с., 15 л. ил.
461 0 _1001rc\4282324
_12001#$aТеатр$e[Пьесы. Статьи. Высказывания$eВ 5 т.$eПереводы]$v[Т.] 3
_1700#1$aБрехт$bБ.$f1898-1956$gБертольт
_98310798
_aБрехт, Б. (1898-1956)
_cМосква
_d1965
_nИскусство
_o[Пьесы. Статьи. Высказывания : В 5 т. : Переводы]
_tТеатр
_v[Т.] 3
464 0 _12001#$aМамаша Кураж и ее дети$aДопрос Лукулла$aДобрый человек из Сычуани$aГосподин Пунтила и его слуга Матти$aКарьера Артуро Ун, которой могло не быть
_tКарьера Артуро Ун, которой могло не быть
702 1 _aЭткинд
_bЕ.
_4212
801 0 _aRU
_bNLR
_gpsbo
801 1 _aRU
_bELAR
_2rusmarc
852 _aNLR
_j65-3/6119
942 _cBOOK
980 _aNB